Poemas de adolescencia /

Guardado en:
Autor Principal: Hernandez, Miguel
Formato: Libro
Publicado: Buenos Aires : Nuevo Siglo, 1995
Series:Biblioteca 100 X 100 ; 76
Materias:
Etiquetas: Agregar Etiqueta
Sin Etiquetas, Sea el primero en etiquetar este registro!
LEADER 00582nam a22001935a 4500
001 EHU.bham028708
003 AR-BHAM
005 20110518143428.0
008 130507s1995##################000#0#####d
082 8 6 |a 861.6 
100 1 |a Hernandez, Miguel 
245 1 0 |a Poemas de adolescencia /  |c Miguel Hernandez 
260 |a Buenos Aires :  |b Nuevo Siglo,  |c 1995 
300 |a 127 p. 
490 0 |a Biblioteca 100 X 100 ; 76 
653 |a Poesia espaÑola-1901- 
653 |a Literatura espaÑola-1901- 
653 |a Generacion del 27 
859 |a AR-BHAM  |b BIB. HUMANIDADES - General  |h 861.6  |i H43-5  |p 870.05  |t Ej.1